000
00279nam a2200109Ia 4500
008
221030s9999 xx 000 0 und d
082
_a
105.23
245
0
_a
Management of Receivables & Payables in Finance
260
_b
LG India
_a
Noida
_c
2008
650
_a
Management
942
_c
TH
999
_c
10237
_d
10237